The noble scholar, jurist, historian


 His Excellency Dr. Abdul Wahhab bin Ibrahim Abu Sulaiman, may Allah have mercy on him.


 He was born in Umm Al-Qura in the year 1356 AH.

العالم الإسلامي في مهب التحولات الحضارية / (Record no. 11575)

MARC details
000 -LEADER
fixed length control field 01652cam a22003731i 4500
003 - CONTROL NUMBER IDENTIFIER
control field SA-RiAUC
005 - DATE AND TIME OF LATEST TRANSACTION
control field 20250910121824.0
008 - FIXED-LENGTH DATA ELEMENTS--GENERAL INFORMATION
fixed length control field 250907s2006 ua g b 000 0 ara c
020 ## - INTERNATIONAL STANDARD BOOK NUMBER
International Standard Book Number 9770915300
020 ## - INTERNATIONAL STANDARD BOOK NUMBER
International Standard Book Number 9837003138
040 ## - CATALOGING SOURCE
Original cataloging agency SA-JeALM
Language of cataloging ara
Transcribing agency SA-RiAUC
Description conventions rda
041 1# - LANGUAGE CODE
Language code of text/sound track or separate title ara
Language code of original eng
050 #4 - LIBRARY OF CONGRESS CALL NUMBER
Item number .D39 2006
082 04 - DEWEY DECIMAL CLASSIFICATION NUMBER
Classification number 953
Assigning agency SA-RiAUC
090 ## - LOCALLY ASSIGNED LC-TYPE CALL NUMBER (OCLC); LOCAL CALL NUMBER (RLIN)
Classification number (OCLC) (R) ; Classification number, CALL (RLIN) (NR) 953
Local cutter number (OCLC) ; Book number/undivided call number, CALL (RLIN) د ا و
100 1# - MAIN ENTRY--PERSONAL NAME
Personal name داود أوغلو، أحمد،
Dates associated with a name 1959-
Relator term مؤلف.
240 10 - UNIFORM TITLE
Uniform title Civilizational transformation and the muslim world.
Language of a work Arabic
245 12 - TITLE STATEMENT
Title العالم الإسلامي في مهب التحولات الحضارية /
Statement of responsibility, etc. أحمد داود أوغلو ؛ تعريب وتحرير ومراجعة إبراهيم البيومي غانم.
250 ## - EDITION STATEMENT
Edition statement الطبعة الأولى.
264 #1 - PRODUCTION, PUBLICATION, DISTRIBUTION, MANUFACTURE, AND COPYRIGHT NOTICE
Place of production, publication, distribution, manufacture القاهرة :
Name of producer, publisher, distributor, manufacturer مكتبة دار الشروق الدولية،
Date of production, publication, distribution, manufacture, or copyright notice 2006
300 ## - PHYSICAL DESCRIPTION
Extent 208 صفحة ؛
Dimensions 24 سم
336 ## - CONTENT TYPE
Content type term نص
Content type code txt
Source rdacontent
Materials specified كتاب
337 ## - MEDIA TYPE
Media type term بدون وسيط
Media type code n
Source rdamedia
338 ## - CARRIER TYPE
Carrier type term مجلد
Carrier type code nc
Source rdacarrier
500 ## - GENERAL NOTE
General note إهداء من المؤلف إبراهيم البيومي غانم بتاريخ 1427 هـ
504 ## - BIBLIOGRAPHY, ETC. NOTE
Bibliography, etc. note ببليوجرافية : صفحة 204-206.
590 ## - LOCAL NOTE (RLIN)
Local note حمد الحجري / أسماء.
650 #7 - SUBJECT ADDED ENTRY--TOPICAL TERM
Topical term or geographic name entry element الحضارة الإسلامية
Source of heading or term aucsh
650 #7 - SUBJECT ADDED ENTRY--TOPICAL TERM
Topical term or geographic name entry element التاريخ الإسلامي
Source of heading or term aucsh
700 1# - ADDED ENTRY--PERSONAL NAME
Personal name غانم، إبراهيم البيومي،
Dates associated with a name 1959-
Relator term معرب.
700 12 - ADDED ENTRY--PERSONAL NAME
Relationship information ترجمة لـ :
Personal name داود أوغلو، أحمد،
Dates associated with a name 1959-.
Title of a work Civilizational transformation and the muslim world
942 ## - ADDED ENTRY ELEMENTS (KOHA)
Source of classification or shelving scheme Dewey Decimal Classification
Koha item type Books
Suppress in OPAC No
949 ## - LOCAL PROCESSING INFORMATION (OCLC)
a SA-JeALM
d 250907
u mohamedma123
n 1
Holdings
Withdrawn status Lost status Source of classification or shelving scheme Damaged status Not for loan Home library Current library Date acquired Total checkouts Full call number Barcode Date last seen Price effective from Koha item type
    Dewey Decimal Classification     DR AbdElwahab Library DR AbdElwahab Library 09/10/2025   953 د ا و 000018722 09/10/2025 09/10/2025 Books